00337nam a2200121Ia 4500008004000000020001700040082001600057100002300073245004300096260003500139300001400174650002700188210210b1995 xxu||||| |||| 00| 0 eng d a0333 90192 4 a370.15 BHAT aBHATIA (Hans Raj). aTextbook of educational psychology, A. aNDbMacmillan & Co. Ltd.c1995 axviii,666 aEducational psychology